Statistics for World Capitals Quiz - Yellow Box and harder

Click here to take the quiz!

General Stats

  • This quiz has been taken 295 times
  • The average score is 158 of 196

Answer Stats

CountryCapital City% Correct
BelgiumBrussels
97%
AustriaVienna
97%
AndorraAndorra la Vella
96%
BelarusMinsk
96%
AlbaniaTirana
96%
NetherlandsAmsterdam
95%
GreeceAthens
95%
GermanyBerlin
95%
DenmarkCopenhagen
95%
IrelandDublin
95%
FinlandHelsinki
95%
PortugalLisbon
95%
United KingdomLondon
95%
SpainMadrid
95%
RussiaMoscow
95%
NorwayOslo
95%
FranceParis
95%
Czech RepublicPrague
95%
ItalyRome
95%
BulgariaSofia
95%
Vatican CityVatican City
95%
SwitzerlandBern
94%
RomaniaBucharest
94%
HungaryBudapest
94%
LuxembourgLuxembourg
94%
MonacoMonaco
94%
IndiaNew Delhi
94%
San MarinoSan Marino
94%
Bosnia and
Herzegovina
Sarajevo
94%
SwedenStockholm
94%
JapanTokyo
94%
PolandWarsaw
94%
ChinaBeijing
93%
IsraelJerusalem
93%
UkraineKiev
93%
IcelandReykjavík
93%
South KoreaSeoul
93%
SingaporeSingapore
93%
IranTehran
93%
United StatesWashington D.C.
93%
TurkeyAnkara
92%
IraqBaghdad
92%
ThailandBangkok
92%
ArgentinaBuenos Aires
92%
AustraliaCanberra
92%
IndonesiaJakarta
92%
AfghanistanKabul
92%
PeruLima
92%
PhilippinesManila
92%
MexicoMexico City
92%
CanadaOttawa
92%
LatviaRiga
92%
EstoniaTallinn
92%
CroatiaZagreb
92%
BrazilBrasília
91%
CubaHavana
91%
MalaysiaKuala Lumpur
91%
KuwaitKuwait City
91%
North KoreaPyongyang
91%
TaiwanTaipei
91%
United Arab EmiratesAbu Dhabi
90%
ColombiaBogotá
90%
VietnamHanoi
90%
PakistanIslamabad
90%
JamaicaKingston
90%
PanamaPanama City
90%
Saudi ArabiaRiyadh
90%
ChileSantiago
90%
MaltaValletta
90%
New ZealandWellington
90%
AlgeriaAlgiers
89%
LebanonBeirut
89%
SerbiaBelgrade
89%
SlovakiaBratislava
89%
EgyptCairo
89%
VenezuelaCaracas
89%
SyriaDamascus
89%
QatarDoha
89%
NepalKathmandu
89%
BoliviaLa Paz / Sucre
89%
CyprusNicosia
89%
LiechtensteinVaduz
89%
LithuaniaVilnius
89%
BangladeshDhaka
88%
HaitiPort-au-Prince
88%
El SalvadorSan Salvador
88%
MongoliaUlaanbaatar
88%
JordanAmman
87%
GuatemalaGuatemala City
87%
UruguayMontevideo
87%
KenyaNairobi
87%
EcuadorQuito
87%
GeorgiaTbilisi
87%
AzerbaijanBaku
86%
SloveniaLjubljana
86%
North MacedoniaSkopje
86%
EthiopiaAddis Ababa
85%
MoldovaChișinău
85%
KazakhstanNur-Sultan
85%
South AfricaPretoria / Cape Town
/ Bloemfontein
85%
LibyaTripoli
85%
ParaguayAsunción
84%
DjiboutiDjibouti
84%
OmanMuscat
84%
BahamasNassau
84%
CambodiaPhnom Penh
84%
KosovoPristina
84%
MontenegroPodgorica
83%
MoroccoRabat
83%
YemenSana'a
83%
Costa RicaSan José
83%
TunisiaTunis
83%
ArmeniaYerevan
83%
East TimorDili
81%
Dominican RepublicSanto Domingo
81%
MaldivesMalé
80%
Democratic Republic
of the Congo
Kinshasa
79%
LaosVientiane
79%
GhanaAccra
78%
GuyanaGeorgetown
78%
AngolaLuanda
78%
BahrainManama
78%
NicaraguaManagua
77%
Papua New GuineaPort Moresby
77%
Guinea-BissauBissau
76%
SomaliaMogadishu
76%
Trinidad and TobagoPort-of-Spain
76%
UzbekistanTashkent
76%
NigeriaAbuja
75%
MadagascarAntananarivo
75%
BruneiBandar Seri
Begawan
75%
Republic of the CongoBrazzaville
75%
SenegalDakar
75%
SudanKhartoum
75%
LiberiaMonrovia
75%
São Tomé and PríncipeSão Tomé
75%
HondurasTegucigalpa
75%
BhutanThimphu
75%
BelizeBelmopan
74%
KyrgyzstanBishkek
74%
TurkmenistanAshgabat
73%
SurinameParamaribo
73%
NamibiaWindhoek
73%
Sierra LeoneFreetown
71%
ZimbabweHarare
71%
FijiSuva
71%
BarbadosBridgetown
70%
ChadN'Djamena
70%
Sri LankaSri
Jayawardenepura
Kotte
70%
CameroonYaoundé
70%
TajikistanDushanbe
69%
Burkina FasoOuagadougou
69%
SamoaApia
68%
UgandaKampala
68%
RwandaKigali
68%
MyanmarNaypyidaw
68%
South SudanJuba
67%
Antigua and BarbudaSaint John's
67%
DominicaRoseau
66%
MaliBamako
65%
Central African RepublicBangui
65%
TanzaniaDodoma
65%
NigerNiamey
65%
Cape VerdePraia
65%
SeychellesVictoria
65%
EritreaAsmara
64%
BotswanaGaborone
64%
MozambiqueMaputo
64%
BeninPorto-Novo /
Cotonou
63%
GrenadaSaint George's
63%
GuineaConakry
62%
Saint LuciaCastries
61%
Saint Vincent and the
Grenadines
Kingstown
61%
Ivory CoastYamoussoukro
61%
GambiaBanjul
60%
GabonLibreville
60%
MalawiLilongwe
60%
MauritaniaNouakchott
60%
MauritiusPort Louis
60%
TuvaluFunafuti
59%
Saint Kitts and NevisBasseterre
58%
ZambiaLusaka
58%
TogoLomé
57%
TongaNukuʻalofa
57%
KiribatiSouth Tarawa
57%
EswatiniMbabane
56%
Solomon IslandsHoniara
55%
LesothoMaseru
55%
ComorosMoroni
55%
BurundiGitega
54%
Federated States of
Micronesia
Palikir
54%
VanuatuPort Vila
54%
PalauNgerulmud
53%
Marshall IslandsMajuro
51%
Equatorial GuineaMalabo
51%
NauruYaren
50%

Score Distribution

Percentile by Number Answered

Percent of People with Each Score

Your Score History

You have not taken this quiz